[Event "Bundesliga 2022-23"]
[Site "Deizisau GER"]
[Date "2022.11.26"]
[Round "3.5"]
[Board "3"]
[White "Kryvoruchko, Yuriy"]
[Black "Kamsky, Gata"]
[Result "1/2-1/2"]
[WhiteTitle "GM"]
[BlackTitle "GM"]
[WhiteElo "2658"]
[BlackElo "2666"]
[WhiteTeam "SC Viernheim"]
[BlackTeam "Schachfreunde Deizisau"]
[WhiteFideId "14109182"]
[BlackFideId "2000024"]
[EventDate "2022.10.22"]

1. e4 e5 2. Nf3 Nc6 3. Bb5 a6 4. Ba4 Nf6 5. O-O Be7 6. Re1 b5 7. Bb3 d6 8. c3
O-O 9. h3 Nb8 10. d4 Nbd7 11. Nbd2 Bb7 12. Bc2 Re8 13. Nf1 Bf8 14. Ng3 g6 15. a4
c5 16. d5 c4 17. Bg5 h6 18. Be3 Nc5 19. Qd2 Kh7 20. Nh2 Nfd7 21. Rf1 Qh4 22. Ng4
Bg7 23. Kh2 Rf8 24. axb5 axb5 25. Rxa8 Bxa8 26. Ra1 Bb7 27. Ra5 Ba6 28. Kg1 Rb8
29. Ra3 Bc8 1/2-1/2

[Event "Bundesliga 2022-23"]
[Site "Deizisau GER"]
[Date "2022.11.26"]
[Round "3.5"]
[Board "4"]
[White "Kollars, Dmitrij"]
[Black "Korobov, Anton"]
[Result "1/2-1/2"]
[WhiteTitle "GM"]
[BlackTitle "GM"]
[WhiteElo "2612"]
[BlackElo "2672"]
[WhiteTeam "Schachfreunde Deizisau"]
[BlackTeam "SC Viernheim"]
[WhiteFideId "12909572"]
[BlackFideId "14105730"]
[EventDate "2022.10.22"]

1. e4 c5 2. Nf3 d6 3. d4 cxd4 4. Nxd4 Nf6 5. Nc3 a6 6. Be3 e5 7. Nb3 Be6 8. f3
h5 9. Nd5 Bxd5 10. exd5 g6 11. Qd2 Bg7 12. O-O-O O-O 13. Kb1 e4 14. h3 exf3 15.
gxf3 Nbd7 16. Bd4 Re8 17. Bd3 Ne5 18. f4 Nf3 19. Qg2 Nxd4 20. Nxd4 Qa5 21. c4
Qb6 22. Nf5 gxf5 23. Rhg1 Ng4 24. Bxf5 Re3 25. hxg4 Rg3 26. Qh2 Rxg1 27. Rxg1
hxg4 28. Rxg4 Qd4 29. Qe2 b5 30. Bd7 bxc4 31. f5 Qf6 32. Rxc4 Qd8 33. Ba4 Rb8
34. Re4 Rxb2+ 35. Qxb2 Bxb2 36. Re8+ Qxe8 37. Bxe8 1/2-1/2

[Event "Bundesliga 2022-23"]
[Site "Deizisau GER"]
[Date "2022.11.26"]
[Round "3.5"]
[Board "5"]
[White "Anton Guijarro, David"]
[Black "Heimann, Andreas"]
[Result "1-0"]
[WhiteTitle "GM"]
[BlackTitle "GM"]
[WhiteElo "2655"]
[BlackElo "2573"]
[WhiteTeam "SC Viernheim"]
[BlackTeam "Schachfreunde Deizisau"]
[WhiteFideId "2285525"]
[BlackFideId "24624632"]
[EventDate "2022.10.22"]

1. d4 Nf6 2. c4 e6 3. Nc3 Bb4 4. f3 c5 5. d5 b5 6. e4 d6 7. Ne2 bxc4 8. Nf4 e5
9. Ne2 Ng8 10. Ng3 Ne7 11. Bxc4 O-O 12. O-O Nd7 13. f4 exf4 14. Bxf4 Nb6 15. Be2
Ng6 16. Qc1 Nxf4 17. Qxf4 Qe7 18. Nb5 c4 19. Kh1 Bd7 20. a4 g6 21. Rfc1 Bxb5 22.
axb5 Rac8 23. Bg4 Rc5 24. Ne2 f5 25. exf5 Rxd5 26. Rxc4 Bd2 27. Re4 Bxf4 28.
Rxe7 Bg5 29. Rexa7 gxf5 30. Bf3 Rxb5 31. Nd4 Re5 32. Rb7 Nc4 33. Nc6 1-0

[Event "Bundesliga 2022-23"]
[Site "Deizisau GER"]
[Date "2022.11.26"]
[Round "3.5"]
[Board "6"]
[White "Zilka, Stepan"]
[Black "Amin, Bassem"]
[Result "1/2-1/2"]
[WhiteTitle "GM"]
[BlackTitle "GM"]
[WhiteElo "2594"]
[BlackElo "2667"]
[WhiteTeam "Schachfreunde Deizisau"]
[BlackTeam "SC Viernheim"]
[WhiteFideId "315303"]
[BlackFideId "10601457"]
[EventDate "2022.10.22"]

1. e4 e5 2. Nf3 Nc6 3. Bb5 a6 4. Ba4 Nf6 5. O-O Be7 6. Re1 b5 7. Bb3 d6 8. c3
O-O 9. h3 Nb8 10. d4 Nbd7 11. Nbd2 Bb7 12. Bc2 Re8 13. Nf1 Bf8 14. Ng3 g6 15. a4
Bg7 16. Bd3 exd4 17. cxd4 c5 18. axb5 axb5 19. Rxa8 Bxa8 20. b4 cxd4 21. Nxd4 d5
22. Bxb5 dxe4 23. Bg5 Qc7 24. Qc1 Rc8 25. Qxc7 Rxc7 26. Bf4 Rc3 27. Rd1 Nb6 28.
Nge2 Rc8 29. Ba6 Re8 30. Bb5 Rc8 31. Ba6 Re8 32. Bb5 1/2-1/2

[Event "Bundesliga 2022-23"]
[Site "Deizisau GER"]
[Date "2022.11.26"]
[Round "3.5"]
[Board "7"]
[White "Fedorchuk, Sergey A."]
[Black "Kozul, Zdenko"]
[Result "1/2-1/2"]
[WhiteTitle "GM"]
[BlackTitle "GM"]
[WhiteElo "2619"]
[BlackElo "2549"]
[WhiteTeam "SC Viernheim"]
[BlackTeam "Schachfreunde Deizisau"]
[WhiteFideId "14102536"]
[BlackFideId "14502879"]
[EventDate "2022.10.22"]

1. e4 c5 2. Nf3 d6 3. d4 cxd4 4. Nxd4 Nf6 5. Nc3 Nc6 6. Bg5 e6 7. Qd2 a6 8.
O-O-O Bd7 9. Kb1 Be7 10. Nxc6 Bxc6 11. f3 Rc8 12. h4 d5 13. Qe1 h6 14. Bxf6 Bxf6
15. exd5 Bxc3 16. Qxc3 O-O 17. Qe1 exd5 18. Qe5 Qc7 19. Qxc7 Rxc7 20. Bd3 Re8
21. b3 Kf8 22. Kb2 Re6 23. a4 a5 24. Rd2 Rf6 25. Re2 Rf4 26. Kc1 Re7 27. Kd2
Rxe2+ 28. Kxe2 Ke7 29. Ke3 Rb4 30. g3 Kd6 31. Re1 Bd7 32. f4 h5 33. Kd2 g6 34.
Re5 f6 35. Re1 f5 36. Kc3 Bc6 37. Re5 Bd7 38. Kd2 Bc6 39. Re1 Bd7 40. Kc3 Bc6
41. Re2 Bd7 42. Re1 Bc6 1/2-1/2

[Event "Bundesliga 2022-23"]
[Site "Deizisau GER"]
[Date "2022.11.26"]
[Round "3.5"]
[Board "8"]
[White "Kozak, Adam"]
[Black "Kovalenko, Igor"]
[Result "1/2-1/2"]
[WhiteTitle "GM"]
[BlackTitle "GM"]
[WhiteElo "2516"]
[BlackElo "2674"]
[WhiteTeam "Schachfreunde Deizisau"]
[BlackTeam "SC Viernheim"]
[WhiteFideId "753246"]
[BlackFideId "14117908"]
[EventDate "2022.10.22"]

1. d4 Nf6 2. c4 e6 3. Nc3 d5 4. cxd5 exd5 5. Bg5 c6 6. e3 h6 7. Bh4 Bf5 8. Qf3
Be6 9. Bxf6 Qxf6 10. Qxf6 gxf6 11. Bd3 a5 12. Nge2 Nd7 13. a4 Bb4 14. Kd2 Rg8
15. Rhg1 Nb6 16. Kc2 Rc8 17. h3 Ke7 18. b3 f5 19. Kb2 Bd6 20. Nf4 Nd7 21. g4
fxg4 22. Nxe6 fxe6 23. hxg4 Nf6 24. f3 Bb4 25. Rg2 Rg5 26. Rh2 c5 27. Na2 cxd4
28. Nxb4 axb4 29. exd4 h5 30. gxh5 Rxh5 31. Rxh5 Nxh5 32. a5 Nf4 33. Bb5 Rc3 34.
Ra4 Rxf3 35. Rxb4 Kd6 36. Kc2 Kc7 37. Kd2 Ng6 38. a6 bxa6 39. Bxa6 Rf2+ 40. Kc3
Ra2 41. Ra4 Rg2 42. Bf1 Rf2 1/2-1/2

[Event "Bundesliga 2022-23"]
[Site "Deizisau GER"]
[Date "2022.11.26"]
[Round "3.6"]
[Board "1"]
[White "Parligras, Mircea-Emilian"]
[Black "Maghsoodloo, Parham"]
[Result "1/2-1/2"]
[WhiteTitle "GM"]
[BlackTitle "GM"]
[WhiteElo "2560"]
[BlackElo "2721"]
[WhiteTeam "SC Remagen Sinzig"]
[BlackTeam "FC Bayern Muenchen"]
[WhiteFideId "1204297"]
[BlackFideId "12539929"]
[EventDate "2022.10.22"]

1. d4 Nf6 2. c4 g6 3. Nc3 d5 4. cxd5 Nxd5 5. e4 Nxc3 6. bxc3 Bg7 7. Nf3 c5 8. h3
O-O 9. Be3 Nc6 10. Be2 cxd4 11. cxd4 Qa5+ 12. Bd2 Qa3 13. d5 Ne5 14. Nxe5 Bxe5
15. O-O Bd7 16. Rb1 Ba4 17. Qc1 Qxa2 18. Rxb7 Rfc8 19. Rxa7 Rxc1 20. Rxa8+ Rc8
21. Rxc8+ Kg7 22. Bd1 Qxd2 23. Bxa4 Qf4 24. g3 Qxe4 25. Bd1 h5 26. Rc2 h4 27.
Re2 Qd4 28. gxh4 Bd6 29. Re3 Qxh4 30. Rfe1 Qg5+ 31. Kf1 Bb4 32. Bf3 Bxe1 33.
Rxe1 f5 34. Re6 Kh6 35. Re3 Qh4 36. Kg2 Qb4 37. Re6 Kg5 38. Rc6 Qa3 39. Kg3 Qa4
40. Re6 Qb4 41. Kg2 Kh6 42. Re3 Kg7 43. Re6 Kf7 44. Re3 Qd4 45. Re6 Qf4 46. Re3
Qg5+ 47. Kf1 Qf4 48. Kg2 Ke8 49. Re6 Qg5+ 50. Kf1 Kd7 51. Rc6 Qf4 52. Kg2 g5 53.
Rg6 Ke8 54. Re6 g4 55. hxg4 fxg4 56. Be2 1/2-1/2

[Event "Bundesliga 2022-23"]
[Site "Deizisau GER"]
[Date "2022.11.26"]
[Round "3.6"]
[Board "2"]
[White "Tabatabaei, M. Amin"]
[Black "Plat, Vojtech"]
[Result "1-0"]
[WhiteTitle "GM"]
[BlackTitle "GM"]
[WhiteElo "2657"]
[BlackElo "2546"]
[WhiteTeam "FC Bayern Muenchen"]
[BlackTeam "SC Remagen Sinzig"]
[WhiteFideId "12521213"]
[BlackFideId "325740"]
[EventDate "2022.10.22"]

1. Nf3 d5 2. g3 g6 3. Bg2 Bg7 4. d4 Nf6 5. O-O O-O 6. c4 c6 7. Qb3 a5 8. cxd5 a4
9. Qd1 cxd5 10. Nc3 Qa5 11. Bd2 Nc6 12. e3 e6 13. Qe2 Qd8 14. Rfc1 Bd7 15. Ne1
Ne8 16. Nd3 Nd6 17. Nc5 b6 18. Nxd7 Qxd7 19. Be1 Rfc8 20. Rab1 Bf8 21. Bf1 Na5
22. Qd1 Nac4 23. b3 axb3 24. axb3 Na5 25. Na4 Qb7 26. Bd3 Rxc1 27. Rxc1 Rc8 28.
Ra1 Nc6 29. Qe2 Nb8 30. Nc3 1-0

[Event "Bundesliga 2022-23"]
[Site "Deizisau GER"]
[Date "2022.11.26"]
[Round "3.6"]
[Board "3"]
[White "Pavlidis, Antonios"]
[Black "Georgiadis, Nico"]
[Result "1/2-1/2"]
[WhiteTitle "GM"]
[BlackTitle "GM"]
[WhiteElo "2550"]
[BlackElo "2577"]
[WhiteTeam "SC Remagen Sinzig"]
[BlackTeam "FC Bayern Muenchen"]
[WhiteFideId "4212312"]
[BlackFideId "1300113"]
[EventDate "2022.10.22"]

1. e4 e5 2. Nf3 Nc6 3. Nc3 Nf6 4. d4 exd4 5. Nxd4 Nxe4 6. Nxe4 Qe7 7. Bd3 Nxd4
8. O-O d5 9. Bc4 Bg4 10. Qxd4 Qxe4 11. Qxd5 Qxd5 12. Bxd5 O-O-O 13. Bxf7 Bc5 14.
Be3 Bxe3 15. fxe3 Rd2 16. Bb3 Rhd8 17. e4 Bh5 18. Rae1 Bg6 19. Re3 a5 20. h3 Kd7
21. e5 Ke7 22. a4 b6 23. Rf2 c5 24. g4 h6 25. Kg2 Rxf2+ 26. Kxf2 Rd2+ 27. Re2
Rd1 28. Bc4 Rb1 29. c3 Be8 30. b3 Bf7 31. e6 Be8 32. Re1 Rb2+ 33. Re2 Rb1 34.
Re1 Rb2+ 35. Re2 1/2-1/2

[Event "Bundesliga 2022-23"]
[Site "Deizisau GER"]
[Date "2022.11.26"]
[Round "3.6"]
[Board "4"]
[White "Alonso Rosell, Alvar"]
[Black "Burg, Twan"]
[Result "1/2-1/2"]
[WhiteTitle "GM"]
[BlackTitle "GM"]
[WhiteElo "2563"]
[BlackElo "2511"]
[WhiteTeam "FC Bayern Muenchen"]
[BlackTeam "SC Remagen Sinzig"]
[WhiteFideId "2270544"]
[BlackFideId "1010697"]
[EventDate "2022.10.22"]

1. Nf3 d5 2. g3 g6 3. Bg2 Bg7 4. d4 Nf6 5. O-O O-O 6. c4 c6 7. Qb3 a5 8. cxd5 a4
9. Qd1 cxd5 10. Nc3 Qa5 11. Bd2 Nc6 12. e3 e6 13. Qe2 Qd8 14. Rfc1 Bd7 15. Ne1
Ne8 16. Nd3 Nd6 17. Nc5 b6 18. Nxd7 Qxd7 19. Be1 Rfc8 20. Rab1 Bf8 21. Bf1 Na5
22. Qd1 Nac4 23. b3 axb3 24. axb3 Na5 25. Na4 Qb7 26. Bd3 Rxc1 27. Rxc1 Rc8 28.
Ra1 Nc6 29. Qe2 Nb8 30. Nc3 Nc6 31. Ba6 Qa7 32. Ra4 Ra8 33. Nb5 Nxb5 34. Bxb5
Qb7 35. Qa2 Rxa4 36. Qxa4 Na7 37. Bd3 Nc6 38. Bb5 Na7 39. Bd3 Nc6 40. h4 h5 41.
Bb5 Na7 42. Be2 Nc6 43. Qb5 Be7 44. Bc3 Qc7 45. Kg2 Na5 46. Bxa5 1/2-1/2

[Event "Bundesliga 2022-23"]
[Site "Deizisau GER"]
[Date "2022.11.26"]
[Round "3.6"]
[Board "5"]
[White "Swinkels, Robin"]
[Black "Dragnev, Valentin"]
[Result "1/2-1/2"]
[WhiteTitle "GM"]
[BlackTitle "GM"]
[WhiteElo "2513"]
[BlackElo "2544"]
[WhiteTeam "SC Remagen Sinzig"]
[BlackTeam "FC Bayern Muenchen"]
[WhiteFideId "1010824"]
[BlackFideId "1634852"]
[EventDate "2022.10.22"]

1. d4 Nf6 2. c4 e6 3. g3 d5 4. Bg2 Bb4+ 5. Bd2 Be7 6. Nf3 O-O 7. O-O Nbd7 8. Qc2
c6 9. Rc1 a5 10. Bf4 Nh5 11. Bd2 Nhf6 12. Bf4 Nh5 13. Be3 Nhf6 14. a4 b6 15.
cxd5 Nxd5 16. Qxc6 Ba6 17. Qc2 Rc8 18. Nc3 Nxe3 19. fxe3 Bb4 20. Qd1 Qe7 21. e4
Bb7 22. e5 f6 23. exf6 Qxf6 24. Qd3 Rcd8 25. Ne4 Qg6 26. Nf2 Qxd3 27. Nxd3 Bxf3
28. Bxf3 Bd2 29. Rc6 Be3+ 30. Kg2 Bxd4 31. Rxe6 Nc5 32. Nxc5 Bxc5 33. b3 Rfe8
34. Rxe8+ Rxe8 35. Bd5+ Kf8 36. e4 Ke7 37. e5 Rf8 38. Ra2 Bb4 39. Rc2 Rd8 40.
Rc7+ Rd7 41. Rxd7+ Kxd7 42. Kf3 Ke7 43. Ke4 Bc3 44. Bg8 h6 45. Kf5 Bd4 46. Bc4
Bg1 47. h3 Bd4 48. g4 Bc3 49. Ke4 Be1 50. Kd5 Bf2 51. Ke4 1/2-1/2

[Event "Bundesliga 2022-23"]
[Site "Deizisau GER"]
[Date "2022.11.26"]
[Round "3.6"]
[Board "6"]
[White "Bogner, Sebastian"]
[Black "Cyborowski, Lukasz"]
[Result "1/2-1/2"]
[WhiteTitle "GM"]
[BlackTitle "GM"]
[WhiteElo "2548"]
[BlackElo "2490"]
[WhiteTeam "FC Bayern Muenchen"]
[BlackTeam "SC Remagen Sinzig"]
[WhiteFideId "4692055"]
[BlackFideId "1108760"]
[EventDate "2022.10.22"]

1. e4 e5 2. Nf3 Nf6 3. Nxe5 d6 4. Nf3 Nxe4 5. d4 d5 6. Bd3 Be7 7. O-O Nd6 8. Re1
O-O 9. Bf4 Re8 10. Nbd2 Nd7 11. Nf1 Nf8 12. h3 c6 13. c3 Be6 14. Qc2 Qd7 15. Ne5
Qc8 16. Ng3 f6 17. Ng4 Qd7 18. Re2 Bxg4 19. hxg4 g6 20. Rae1 Bd8 21. Rxe8 Nxe8
22. Qb3 b5 23. a4 a6 24. Qa3 Ne6 25. Bh6 Be7 26. Qa2 N8c7 27. axb5 axb5 28. Qb1
Bf8 29. Bd2 Bd6 30. Ne2 Re8 31. Qc1 Ng7 32. g5 fxg5 33. Bxg5 Nce6 34. Bd2 Qf7
35. Rf1 Nf5 36. g3 Nfg7 37. Kg2 Rf8 38. Ng1 Nh5 39. Be2 Qf5 40. Qd1 Nhf4+ 41.
Kh1 Nxe2 42. Qxe2 Ng7 43. Kg2 Re8 44. Qd1 Qe4+ 1/2-1/2

[Event "Bundesliga 2022-23"]
[Site "Deizisau GER"]
[Date "2022.11.26"]
[Round "3.6"]
[Board "7"]
[White "Jaracz, Pawel"]
[Black "Lokander, Martin"]
[Result "1/2-1/2"]
[WhiteTitle "GM"]
[BlackTitle "IM"]
[WhiteElo "2463"]
[BlackElo "2449"]
[WhiteTeam "SC Remagen Sinzig"]
[BlackTeam "FC Bayern Muenchen"]
[WhiteFideId "1102222"]
[BlackFideId "1709569"]
[EventDate "2022.10.22"]

1. e4 e5 2. Nf3 Nc6 3. Bb5 a6 4. Ba4 Bc5 5. O-O Nge7 6. Bb3 Ng6 7. c3 O-O 8. d4
Ba7 9. Bg5 Qe8 10. Re1 d6 11. h3 Kh8 12. Na3 Bd7 13. Bd5 Rb8 14. Nc2 f6 15. Be3
Nce7 16. Bb3 Ra8 17. Nb4 a5 18. Nd5 Nxd5 19. Bxd5 Qc8 20. a4 Be6 21. Bxe6 Qxe6
22. Qd3 Qf7 23. Rac1 Rfe8 24. Qc2 Kg8 1/2-1/2

[Event "Bundesliga 2022-23"]
[Site "Deizisau GER"]
[Date "2022.11.26"]
[Round "3.6"]
[Board "8"]
[White "Rafiee, Makan"]
[Black "Dgebuadze, Alexandre"]
[Result "0-1"]
[WhiteTitle "FM"]
[BlackTitle "GM"]
[WhiteElo "2316"]
[BlackElo "2430"]
[WhiteTeam "FC Bayern Muenchen"]
[BlackTeam "SC Remagen Sinzig"]
[WhiteFideId "24609340"]
[BlackFideId "203882"]
[EventDate "2022.10.22"]

1. e4 e6 2. d4 d5 3. Nc3 Nf6 4. e5 Nfd7 5. f4 c5 6. Nce2 Nc6 7. c3 a5 8. Nf3 Be7
9. g3 a4 10. a3 O-O 11. Bg2 Nb6 12. O-O Nc4 13. g4 cxd4 14. cxd4 Qb6 15. Qd3 Ra5
16. Nd2 f6 17. Nxc4 dxc4 18. Qxc4 fxe5 19. fxe5 Rxf1+ 20. Kxf1 Bd7 21. Be4 Ra8
22. Bf4 Rf8 23. Kg2 Rxf4 24. Nxf4 Qxb2+ 25. Bc2 Qxa1 26. Qd3 g6 27. Nxg6 Qxa3
28. Nxe7+ Qxe7 29. Bxa4 Nxe5 0-1

[Event "Bundesliga 2022-23"]
[Site "Dresden GER"]
[Date "2022.11.26"]
[Round "3.7"]
[Board "1"]
[White "Esipenko, Andrey"]
[Black "Nisipeanu, Liviu-Dieter"]
[Result "1/2-1/2"]
[WhiteTitle "GM"]
[BlackTitle "GM"]
[WhiteElo "2668"]
[BlackElo "2615"]
[WhiteTeam "SK Doppelbauer Turm Kiel"]
[BlackTeam "USV TU Dresden"]
[WhiteFideId "24175439"]
[BlackFideId "1202758"]
[EventDate "2022.10.22"]

1. e4 c5 2. Nf3 e6 3. d4 cxd4 4. Nxd4 Nf6 5. Nc3 Nc6 6. a3 d6 7. Be3 Be7 8. f3
O-O 9. Qd2 a6 10. O-O-O Nxd4 11. Bxd4 b5 12. g4 Nd7 13. f4 Bb7 14. g5 e5 15. Be3
exf4 16. Bxf4 Nc5 17. Nd5 Nxe4 18. Qe3 Bxd5 19. Rxd5 f5 20. h4 Qd7 21. Bh3 Qe6
22. Rhd1 Rac8 23. Qb6 Nc5 24. Kb1 Qe4 25. Bxd6 Bxd6 26. Qxd6 Ne6 27. Qe5 Qxc2+
28. Ka1 Nc5 29. Bxf5 Rxf5 30. Rd8+ Rf8 31. Qd5+ Kh8 32. Rxc8 Nb3+ 33. Qxb3 Qxc8
34. Qb4 Kg8 35. h5 Qh3 36. h6 gxh6 37. Qd6 Rf1 38. Qd5+ Kf8 39. Qa8+ Kf7 40.
Qb7+ Kf8 41. Qa8+ Kf7 42. Qb7+ Kf8 43. Qa8+ 1/2-1/2

[Event "Bundesliga 2022-23"]
[Site "Dresden GER"]
[Date "2022.11.26"]
[Round "3.7"]
[Board "2"]
[White "Pechac, Jergus"]
[Black "Lupulescu, Constantin"]
[Result "1/2-1/2"]
[WhiteTitle "GM"]
[BlackTitle "GM"]
[WhiteElo "2633"]
[BlackElo "2603"]
[WhiteTeam "USV TU Dresden"]
[BlackTeam "SK Doppelbauer Turm Kiel"]
[WhiteFideId "14926970"]
[BlackFideId "1207822"]
[EventDate "2022.10.22"]

1. e4 c5 2. d4 cxd4 3. c3 dxc3 4. Nxc3 Nc6 5. Nf3 e6 6. Be2 Bb4 7. O-O Nge7 8.
Nb5 d5 9. Bf4 O-O 10. Nc7 Rb8 11. Nb5 Ra8 12. Nc7 Rb8 13. Nb5 1/2-1/2

[Event "Bundesliga 2022-23"]
[Site "Dresden GER"]
[Date "2022.11.26"]
[Round "3.7"]
[Board "3"]
[White "Bjerre, Jonas Buhl"]
[Black "Gajewski, Grzegorz"]
[Result "1/2-1/2"]
[WhiteTitle "GM"]
[BlackTitle "GM"]
[WhiteElo "2612"]
[BlackElo "2589"]
[WhiteTeam "SK Doppelbauer Turm Kiel"]
[BlackTeam "USV TU Dresden"]
[WhiteFideId "1444948"]
[BlackFideId "1116207"]
[EventDate "2022.10.22"]

1. d4 Nf6 2. c4 e6 3. Nf3 d5 4. Nc3 Bb4 5. Qa4+ Nc6 6. e3 O-O 7. Qc2 Bd6 8. a3
dxc4 9. Bxc4 e5 10. h3 Bd7 11. O-O exd4 12. exd4 Qc8 13. Bg5 Bxh3 14. Bxf6 gxf6
15. Ne4 Kh8 16. Nxf6 Qf5 17. Qxf5 Bxf5 18. Rfe1 Rad8 19. Bd5 Kg7 20. Nh5+ Kh6
21. Bxc6 bxc6 22. Ng3 Bxg3 23. fxg3 Bg4 24. Re4 Bxf3 25. gxf3 c5 26. dxc5 Rd2
27. b4 Rfd8 28. Rae1 Ra2 29. R1e2 Rxa3 30. Rg4 Rd1+ 31. Kg2 a5 32. bxa5 Rxa5 33.
Rc4 Rd5 34. c6 Rac5 35. Rf4 Kg6 36. Rg4+ Kf6 37. Rf4+ Rf5 38. Rxf5+ Rxf5 39. Rc2
Ke6 40. g4 Rd5 41. Kg3 h5 42. Rh2 hxg4 43. fxg4 Rc5 44. Rh6+ f6 45. Kf3 Rc3+ 46.
Ke4 Rc4+ 47. Kf3 Ke5 48. Rh5+ Ke6 49. Rh6 Rxc6 50. g5 Kf7 51. Rxf6+ Rxf6+ 52.
gxf6 Kxf6 53. Kf4 Ke6 54. Ke4 Kd6 55. Kd4 c5+ 56. Kc4 Kd7 57. Kxc5 1/2-1/2

[Event "Bundesliga 2022-23"]
[Site "Dresden GER"]
[Date "2022.11.26"]
[Round "3.7"]
[Board "4"]
[White "Michalik, Peter"]
[Black "Dziuba, Marcin"]
[Result "1-0"]
[WhiteTitle "GM"]
[BlackTitle "GM"]
[WhiteElo "2558"]
[BlackElo "2569"]
[WhiteTeam "USV TU Dresden"]
[BlackTeam "SK Doppelbauer Turm Kiel"]
[WhiteFideId "14907526"]
[BlackFideId "1112953"]
[EventDate "2022.10.22"]

1. e4 c5 2. Nf3 d6 3. d4 cxd4 4. Nxd4 Nf6 5. Nc3 Nc6 6. Bg5 e6 7. Qd2 a6 8.
O-O-O Bd7 9. f4 Be7 10. Nf3 b5 11. Bxf6 gxf6 12. Kb1 Qb6 13. f5 O-O-O 14. g3 Kb8
15. fxe6 fxe6 16. Ne2 Ne5 17. Nfd4 Nc4 18. Qe1 e5 19. Nb3 Ne3 20. Nc3 b4 21. Nd5
Nxd5 22. Rxd5 Be6 23. Ra5 Bxb3 24. Rxa6 Bxc2+ 25. Kxc2 Qd4 26. Qe2 Rc8+ 27. Kb1
Rc5 28. a3 bxa3 29. Rxa3 Rhc8 30. Bh3 R8c6 31. Be6 Rb6 32. Rd1 Qb4 33. Rdd3 Rcb5
34. Rdb3 Qc5 35. Qh5 Bd8 36. Qe8 1-0

[Event "Bundesliga 2022-23"]
[Site "Dresden GER"]
[Date "2022.11.26"]
[Round "3.7"]
[Board "5"]
[White "Gavrilescu, David"]
[Black "Vogel, Roven"]
[Result "1/2-1/2"]
[WhiteTitle "IM"]
[BlackTitle "IM"]
[WhiteElo "2523"]
[BlackElo "2463"]
[WhiteTeam "SK Doppelbauer Turm Kiel"]
[BlackTeam "USV TU Dresden"]
[WhiteFideId "1227190"]
[BlackFideId "12908088"]
[EventDate "2022.10.22"]

1. e4 c5 2. Nf3 d6 3. d4 cxd4 4. Nxd4 Nf6 5. Nc3 Nc6 6. Bb5 Bd7 7. Be3 Rc8 8. f3
g6 9. Qd2 Ne5 10. Be2 Nc4 11. Bxc4 Rxc4 12. g4 Bg7 13. O-O-O O-O 14. Kb1 b5 15.
Nce2 Qc7 16. g5 Nh5 17. Ng3 Rc8 18. Nxh5 gxh5 19. Rc1 d5 20. exd5 Qe5 21. Rhd1
Bf5 22. f4 Rxc2 23. Rxc2 Rxc2 24. fxe5 Rxd2+ 25. Nxf5 Rxd1+ 26. Kc2 Rf1 27.
Nxe7+ Kf8 28. Nc6 h4 29. Bxa7 Ke8 30. d6 Rh1 31. Bd4 Rxh2+ 32. Kd3 Rh1 33. Kd2
Rh2+ 34. Kd3 Rh1 35. Kd2 Rh2+ 36. Kd1 Rh1+ 37. Kc2 Rh2+ 38. Kd3 Rh1 1/2-1/2

[Event "Bundesliga 2022-23"]
[Site "Dresden GER"]
[Date "2022.11.26"]
[Round "3.7"]
[Board "6"]
[White "Maiwald, Jens-Uwe"]
[Black "Meshkovs, Nikita"]
[Result "0-1"]
[WhiteTitle "GM"]
[BlackTitle "GM"]
[WhiteElo "2441"]
[BlackElo "2566"]
[WhiteTeam "USV TU Dresden"]
[BlackTeam "SK Doppelbauer Turm Kiel"]
[WhiteFideId "4612396"]
[BlackFideId "11602740"]
[EventDate "2022.10.22"]

1. e4 c5 2. d3 Nc6 3. g3 d5 4. exd5 Qxd5 5. Nf3 Nf6 6. Bg2 e6 7. O-O Qd8 8. Nc3
Be7 9. Re1 O-O 10. Bf4 Bd7 11. Ne5 Nxe5 12. Bxe5 Qc8 13. Ne4 Nxe4 14. Bxe4 Bc6
15. Qg4 g6 16. Qf3 Bxe4 17. Rxe4 Qc6 18. Qe2 Rfd8 19. Re1 Rd5 20. Qd2 Bd6 21.
Bc3 Bf8 22. Rh4 Re8 23. Be5 Qd7 24. Qe3 Qd8 25. b3 h5 26. Qf3 Bg7 27. Bxg7 Kxg7
28. Rf4 Re7 29. a4 Qa5 30. Re2 Red7 31. Rc4 Qd8 32. h4 b6 33. Rce4 Rf5 34. Rf4
Rfd5 35. Rfe4 Rf5 36. Rf4 Rfd5 37. Rfe4 Qc7 38. Rf4 Qd6 39. Rfe4 Rf5 40. Qe3 Qd5
41. Rf4 Rd6 42. Re1 Rd7 43. Re2 Rxf4 44. Qxf4 Qd4 45. Qb8 Qd6 46. Qa8 Qd5 47.
Qb8 Qf3 48. Qe5+ Kf8 49. Qe4 Qf6 50. Qe5 Ke7 51. Qxf6+ Kxf6 52. Kg2 Rd4 53. Kf3
Kf5 54. Re1 f6 55. Rh1 e5 56. Rh2 e4+ 57. dxe4+ Rxe4 58. Rh1 Rd4 59. Re1 Rd2 60.
Rc1 g5 61. Ke3 Rd4 62. hxg5 Re4+ 63. Kd3 fxg5 64. f3 Rb4 65. Rh1 Kg6 66. Re1
Rd4+ 67. Ke3 Rd7 68. Rh1 Re7+ 69. Kf2 Rd7 70. Ke3 Rd4 71. c3 Rd7 72. Ke2 Re7+
73. Kd2 a6 74. Rh2 b5 75. axb5 axb5 76. Rh1 Ra7 77. Kd3 Ra3 78. Re1 Rxb3 79.
Re6+ Kg7 80. Re4 b4 0-1

[Event "Bundesliga 2022-23"]
[Site "Dresden GER"]
[Date "2022.11.26"]
[Round "3.7"]
[Board "7"]
[White "Thybo, Jesper Sondergaard"]
[Black "Tischbierek, Raj"]
[Result "1-0"]
[WhiteTitle "GM"]
[BlackTitle "GM"]
[WhiteElo "2498"]
[BlackElo "2423"]
[WhiteTeam "SK Doppelbauer Turm Kiel"]
[BlackTeam "USV TU Dresden"]
[WhiteFideId "1438832"]
[BlackFideId "4611322"]
[EventDate "2022.10.22"]

1. d4 d5 2. c4 c6 3. Nf3 Nf6 4. Nbd2 e6 5. g3 c5 6. Bg2 Nc6 7. O-O cxd4 8. cxd5
exd5 9. Nb3 Be7 10. Nbxd4 O-O 11. Be3 Re8 12. Rc1 Bd7 13. Nxc6 Bxc6 14. Nd4 Bd7
15. Qd3 Qa5 16. a3 Rec8 17. Nf5 Bf8 18. Bd4 Rxc1 19. Rxc1 Rc8 20. Rxc8 Qe1+ 21.
Bf1 Bxc8 22. Bxf6 gxf6 23. Ne3 Qc1 24. b4 Be6 25. Nxd5 Bxd5 26. Qxd5 Qxa3 27. b5
Qe7 28. e3 h6 29. Bg2 Qc7 30. Bf1 Bc5 31. Qf5 Qe5 32. Qc8+ Kg7 33. Qxb7 Qe7 34.
Qf3 Qe6 35. Bd3 Kg8 36. Qf4 Bf8 37. Bc4 1-0